00541 2200193 4500001002100000005001500021035002000036245006200056100001600118250002000134300005300154856002400207700000600231260005800237082000800295084001400303020001800317650001200335INLIS00000000114826320260410113222 a0010-04260001081 aLa Galigo :bLahirnya Kembar Emas /cPenulis: Idwar Anwar0 aIdwar Anwar aCetakan Pertama a254 halaman :bIlustrasi ;c12,5 x 16 cmeKertas aPerpustakaan Khusus0 a- aMakassar :bPustaka Sawerigading Arung Pustaka,c2013 a900 a900 IDW l a9786021865163 4aSEJARAH